Camus

Spremljeno u:
Bibliografski detalji
Glavni autor: Rigobello, Armando (Autor)
Format: Knjiga
Jezik:španjolski
Izdano: Buenos Aires Columba 1961
Izdanje:1a. ed
Serija:Colección Hombres Inquietos, 2
Teme:
Oznake: Dodaj oznaku
Bez oznaka, Budi prvi tko označuje ovaj zapis!

MARC

LEADER 00000cam a2200000 a 4500
001 UCE4408
003 CL-VaPUC
008 141023e19611013ag |||||||||||||||||spa|d
082 0 4 |a 843.09  |b RIG  |2 21 
100 0 |a Rigobello, Armando  |e author  |9 576962 
245 1 0 |a Camus 
250 |a 1a. ed 
300 |a 84 p 
942 |c BK 
945 |d 20141023 15:21:00  |a arojas 
260 |a Buenos Aires  |b Columba  |c 1961 
600 0 7 |a CAMUS, ALBERT  |2 CL-VaPUC  |9 315220 
650 0 |a Crítica e interpretación   |9 255042 
583 |a last modification  |c 20141023 15:21:00  |k Rodrigo Vera 
490 0 |a Colección Hombres Inquietos, 2 
999 |c 357379  |d 357377 
952 |0 0  |1 0  |3 erb  |4 0  |6 843_090000000000000_RIG_1961  |7 0  |8 A  |9 465294  |a BIBEDU  |b BIBEDU  |i 5050987  |o 843.09 RIG 1961  |p 5050987  |r 2019-11-23  |w 2019-11-23  |y BK  |z Catalogado en:20141023  |k LIT